000 00461nam a2200145Ia 4500
008 100122s9999 xx 000 0 und d
082 _b71069
_a823.08
100 _aचांदोरकर स्वाती
245 _aसेलिब्रेशन
260 _bमेहता पब्लिशिंग हाऊस
_c2007
300 _a180
630 _aसेलिब्रेशन
730 _aसेलिब्रेशन
942 _cBOOK
999 _c441754
_d441751